[Event "Tashkent Hokim Cup"]
[Site "Tashkent"]
[Date "2009.07.18"]
[Round "2"]
[White "Davlyatshin, Bulat"]
[Black "Khamrakulov, Djurabek"]
[Result "0-1"]
[WhiteElo "2135"]
[BlackElo "2517"]
[PlyCount "38"]
[EventDate "2009.07.17"]
[EventType "swiss"]
[EventRounds "9"]
[EventCountry "UZB"]
[SourceTitle "CBM 131 Extra"]
[Source "ChessBase"]
[SourceDate "2009.09.03"]
[SourceVersion "2"]
[SourceVersionDate "2009.09.16"]
[SourceQuality "1"]

1. e4 c5 2. Nf3 d6 3. d4 Nf6 4. Nc3 cxd4 5. Nxd4 a6 6. Be3 e5 7. Nf3 Qc7 8. Be2 Nbd7 9. 0-0 b5 10. a3 Bb7 11. Nd2 Nc5 12. Bf3 Be7 13. Rc1 0-0 14. Bg5 h6 15. Bxf6 Bxf6 16. Nd5 Bxd5 17. exd5 Bg5 18. c4 Bxd2 19. Qxd2 Nb3 0-1

[Event "UZB-ch U20"]
[Site "Tashkent"]
[Date "2006.09.21"]
[Round "5"]
[White "Kvon, Andrey"]
[Black "Davlyatshin, Bulat"]
[Result "1-0"]
[WhiteElo "2354"]
[BlackElo "2141"]
[PlyCount "77"]
[EventDate "2006.09.17"]
[EventType "tourn"]
[EventRounds "13"]
[EventCountry "UZB"]
[SourceTitle "EXT 2015"]
[Source "ChessBase"]
[SourceDate "2014.11.20"]
[SourceVersion "1"]
[SourceVersionDate "2014.11.20"]
[SourceQuality "1"]

1. c4 e6 2. Nf3 d5 3. g3 c6 4. b3 Be7 5. Bb2 Bf6 6. d4 Nd7 7. Nbd2 Be7 8. Qc2 Ngf6 9. g4 a5 10. a3 Qb6 11. g5 Nh5 12. e3 0-0 13. Bd3 g6 14. h4 Qd8 15. Nh2 f5 16. gxf6 Bxf6 17. Ndf3 Qe7 18. Ng4 Bg7 19. Ng5 Nhf6 20. Rg1 Nxg4 21. Rxg4 e5 22. Nxh7 Kxh7 23. Bxg6+ Kg8 24. Rg5 e4 25. f4 Rf6 26. 0-0-0 Nf8 27. Bh5 Rf5 28. Rdg1 Rxg5 29. fxg5 Bf5 30. Qf2 Qe6 31. Be2 Nd7 32. h5 Rf8 33. Qg3 a4 34. h6 Bh8 35. g6 Bf6 36. Bh5 Rc8 37. g7 Bh7 38. Bg4 Qe7 39. Qh3 1-0

[Event "UZB-ch U20"]
[Site "Tashkent"]
[Date "2006.09.19"]
[Round "3"]
[White "Mustafaev, Jamshid"]
[Black "Davlyatshin, Bulat"]
[Result "1-0"]
[WhiteElo "2180"]
[BlackElo "2141"]
[PlyCount "73"]
[EventDate "2006.09.17"]
[EventType "tourn"]
[EventRounds "13"]
[EventCountry "UZB"]
[SourceTitle "EXT 2015"]
[Source "ChessBase"]
[SourceDate "2014.11.20"]
[SourceVersion "1"]
[SourceVersionDate "2014.11.20"]
[SourceQuality "1"]

1. e4 c5 2. Nf3 Nc6 3. Nc3 d6 4. d4 cxd4 5. Nxd4 Nf6 6. Bc4 e6 7. Bb3 Be7 8. Be3 a6 9. Qe2 Qc7 10. 0-0-0 Na5 11. g4 Nxb3+ 12. axb3 0-0 13. g5 Nd7 14. h4 b5 15. g6 Nc5 16. b4 Na4 17. Nxa4 bxa4 18. h5 Bf6 19. Rhg1 Bb7 20. Bg5 Qe7 21. gxh7+ Kh8 22. Qe3 Rac8 23. f4 g6 24. e5 dxe5 25. Bxf6+ Qxf6 26. fxe5 Qg7 27. hxg6 Bd5 28. gxf7 Qxf7 29. Rg3 Qh5 30. Rdg1 Qh4 31. Qg5 Qxg5+ 32. Rxg5 Rfe8 33. Kd2 Be4 34. Rg8+ Rxg8 35. Rxg8+ Rxg8 36. hxg8Q+ Kxg8 37. Nxe6 1-0